000 00240 a2200073 4500
245 0 _aEuropean Information Technology Observatory 2007 /
_c.
710 2 _aEuropean Economic Interest Grouping.
_eWydawca
_4pbl
260 _aBerlin :
_bEITO,
_c2007.
300 _a269 s.;
_c24 cm.
999 _c17629
_d17629